| 000 | 00773nam a22002297a 4500 | ||
|---|---|---|---|
| 999 |
_c62155 _d62155 |
||
| 005 | 20240724131152.0 | ||
| 008 | 240724s2000 ge ||||| |||| 00| 0 ger d | ||
| 020 | _a9783476131591, 3476131599 X | ||
| 041 | _ager | ||
| 080 | _a821.112.2-32 K-59 | ||
| 100 |
_aKnapp, Gerhard P _dAuthor _922931 |
||
| 245 |
_a Georg Büchner / _cGerhard P. Knapp |
||
| 250 | _a3. vollständig überarbeitete Aufl | ||
| 264 |
_aStuttgart: _b Verlag, Metzler, _c2000. |
||
| 300 |
_axii, 246 pages ; _b19 cm. |
||
| 440 |
_a Sammlung Metzler, Bd. 159 _922932 |
||
| 500 | _aBiographies | ||
| 653 | _aGeorg Büchner | ||
| 653 | _a 1800-1899 Biographies Büchner, Georg Büchner, Georg 1813-1837 Büchner, Georg, 1813-1837 | ||
| 653 | _aბიოგრაფიები | ||
| 942 |
_2udc _cBK |
||